Pathologies of speech and language : advances in clinical phonetics and linguistics

Αποθηκεύτηκε σε:
Λεπτομέρειες βιβλιογραφικής εγγραφής
Άλλοι συγγραφείς: Maassen, Ben (Επιμελητής έκδοσης), Groenen, Paul (Επιμελητής έκδοσης)
Μορφή: Βιβλίο
Γλώσσα:English
Δημοσίευση: London : Whurr, [c1999]
Θέματα:
Ετικέτες: Προσθήκη ετικέτας
Δεν υπάρχουν, Καταχωρήστε ετικέτα πρώτοι!

MARC

LEADER 00000nam a2200000 i 4500
001 1/34263
008 060913s1999 eng d
020 |a 1-86156-122-9 (pbk.) 
035 |l 10085176 
040 |a GR-MY-UA  |b gre  |e aacr 
041 0 |a eng 
082 0 |a 616.855  |2 (22) 
245 1 0 |a Pathologies of speech and language :  |b advances in clinical phonetics and linguistics /  |c edited by Ben Maassen and Paul Groenen 
260 |a London :   |b Whurr,   |c [c1999] 
300 |a xix, 371 σ.;  |c 24 εκ. 
504 |a Περιλαμβάνει βιβλιογραφικές ανφορές και ευρετήριο 
650 0 0 |a Articulation disorders. 
650 0 0 |a Phonetics. 
650 0 0 |a Linguistics. 
700 1 |a Maassen, Ben.  |4 edt 
700 1 |a Groenen, Paul.  |4 edt 
852 |a INST  |b RHODES  |e 20060913  |h 616.855 PAT  |p 005400024325  |q 005400024325  |t BK  |y 0 
901 |a BIBL4-2006-2 
909 |a Ρ  |b 129084 
920 |a ΑΝΑΜΟΡΦΩΣΗ  |b ΕΠΕΑΕΚ ΙΙ-ΤΜΣ  |y ΡΟΔΟΣ  |z 2006-07 
970 |a ΚΟΖΑ  |b ΜΑΡΙΑ  |z 2006/09/13